| 000 | 00438 a2200109 4500 | ||
|---|---|---|---|
| 001 | ART_61544 | ||
| 005 | 20260410162056.0 | ||
| 008 | 260409a | ||
| 245 | 1 | 0 | _aEl alcance y la proyección de la sentencia de la Corte IDH en el caso “Asociación Civil Memoria Activa vs. Argentina” |
| 100 | 1 | _aFiumara, Franco M. | |
| 773 | 0 |
_tTemas de derecho penal y procesal penal _g- Año 6, N° 10/11 (oct./nov. 2024) _wREV60798 |
|
| 999 |
_c36281 _d36281 |
||